[Event "Klatovy op-B 23rd"]
[Site "Klatovy"]
[Date "2017.07.06"]
[Round "6"]
[White "Cyron, Karel"]
[Black "Soukal, Roman"]
[Result "1-0"]
[WhiteElo "1774"]
[BlackElo "1931"]
[PlyCount "83"]
[EventDate "2017.07.01"]
[EventType "swiss"]
[EventRounds "9"]
[EventCountry "CZE"]
[SourceTitle "EXT 2018"]
[Source "ChessBase"]
[SourceDate "2017.10.13"]
[SourceVersion "1"]
[SourceVersionDate "2017.10.13"]
[SourceQuality "1"]

1. e4 e5 2. Nf3 Nc6 3. Bb5 f5 4. d3 fxe4 5. dxe4 Nf6 6. Qe2 Bc5 7. 0-0 Qe7 8. Bg5 Nd8 9. Nh4 Ne6 10. Nf5 Qf8 11. Bd2 g6 12. Bh6 Qf7 13. Ng3 c6 14. Bc4 b5 15. Bb3 a5 16. a3 Ba6 17. c3 b4 18. Bc4 Bxc4 19. Qxc4 bxc3 20. bxc3 Ng4 21. Be3 Bxe3 22. fxe3 Nxe3 23. Rxf7 Nxc4 24. Rf2 Rb8 25. Nd2 Nxd2 26. Rxd2 Rb3 27. Rad1 Nc5 28. Nf1 Rxa3 29. Ne3 Rxc3 30. Ng4 Nxe4 31. Rxd7 Rf8 32. h3 Rc5 33. Nh6 Nf6 34. Ra7 e4 35. Rd6 Rc1+ 36. Kh2 a4 37. Re6+ Kd8 38. Nf7+ Rxf7 39. Rxf7 a3 40. Rexf6 a2 41. Ra7 a1Q 42. Rf8# 1-0

[Event "CZE-chT3A Middle 0506  "]
[Site "Czech Republic"]
[Date "2006.03.05"]
[Round "9.5"]
[White "Horak, Otakar"]
[Black "Soukal, Roman"]
[Result "1-0"]
[WhiteElo "2098"]
[BlackElo "1884"]
[PlyCount "49"]
[EventDate "2005.10.30"]
[EventType "team"]
[EventRounds "11"]
[EventCountry "CZE"]
[SourceTitle "EXT 2009"]
[Source "ChessBase"]
[SourceDate "2008.11.26"]
[SourceVersion "1"]
[SourceVersionDate "2008.11.26"]
[SourceQuality "1"]

1. d4 Nf6 2. c4 e5 3. dxe5 Ng4 4. Nf3 Bc5 5. e3 Nc6 6. Nc3 Ngxe5 7. Nxe5 Nxe5 8. Be2 0-0 9. 0-0 a6 10. Kh1 Be7 11. f4 Nc6 12. e4 d6 13. g4 g6 14. Be3 Bf6 15. Qd2 Bg7 16. Bf3 f5 17. exf5 gxf5 18. g5 Be6 19. Nd5 Ne7 20. Rad1 Kh8 21. b3 Ng8 22. Bd4 Rf7 23. Rfe1 Qd7 24. Qc3 c6 25. Nf6 1-0

[Event "Klatovy op-B"]
[Site "Klatovy"]
[Date "2004.07.??"]
[Round "?"]
[White "Rudlof, Juergen"]
[Black "Soukal, Roman"]
[Result "1-0"]
[WhiteElo "1685"]
[BlackElo "1795"]
[PlyCount "39"]
[EventDate "2004.07.??"]
[EventType "swiss"]
[EventRounds "9"]
[EventCountry "CZE"]
[SourceTitle "EXT 2007"]
[Source "ChessBase"]
[SourceDate "2006.11.23"]
[SourceVersion "1"]
[SourceVersionDate "2006.11.23"]
[SourceQuality "1"]

1. d4 Nf6 2. Bg5 e6 3. c4 b6 4. Nc3 Be7 5. e3 Bb7 6. Nf3 c5 7. d5 d6 8. e4 h6 9. Be3 Nbd7 10. h3 0-0 11. Qd2 Ne8 12. Be2 e5 13. h4 f5 14. exf5 Rxf5 15. Bd3 Rf8 16. Bxh6 gxh6 17. Qxh6 Rf7 18. Ng5 Nef6 19. Bg6 Rh7 20. Bxh7+ 1-0

[Event "CZE-ch opB U18"]
[Site "Frymburk"]
[Date "2002.??.??"]
[Round "2"]
[White "Kulovany, Radomir"]
[Black "Soukal, Roman"]
[Result "1-0"]
[WhiteElo "1504"]
[BlackElo "1672"]
[PlyCount "47"]
[EventDate "2002.03.??"]
[EventType "swiss"]
[EventRounds "8"]
[EventCountry "CZE"]
[SourceTitle "EXT 2004"]
[Source "ChessBase"]
[SourceDate "2003.11.25"]
[SourceVersion "1"]
[SourceVersionDate "2003.11.25"]
[SourceQuality "1"]

1. e4 d5 2. exd5 Nf6 3. Nc3 Nxd5 4. Qf3 Nb4 5. Bb5+ Nd7 6. Ba4 c6 7. a3 Na6 8. d4 Nf6 9. Nge2 Bg4 10. Qd3 Qb6 11. b4 Rd8 12. Be3 Qc7 13. 0-0 e5 14. f3 Bh5 15. Ng3 Bg6 16. Nce4 Nd5 17. dxe5 Ndxb4 18. Qc4 Nd5 19. Qe2 Nxe3 20. Qxe3 Qxe5 21. Qxa7 Nc5 22. Rfe1 Nxe4 23. Nxe4 Bxe4 24. Rxe4 1-0

[Event "CZE-ch opB U18"]
[Site "Frymburk"]
[Date "2002.??.??"]
[Round "3"]
[White "Soukal, Roman"]
[Black "Hava, Petr"]
[Result "0-1"]
[WhiteElo "1672"]
[BlackElo "1475"]
[PlyCount "52"]
[EventDate "2002.03.??"]
[EventType "swiss"]
[EventRounds "8"]
[EventCountry "CZE"]
[SourceTitle "EXT 2004"]
[Source "ChessBase"]
[SourceDate "2003.11.25"]
[SourceVersion "1"]
[SourceVersionDate "2003.11.25"]
[SourceQuality "1"]

1. d4 c5 2. dxc5 e6 3. Nf3 Bxc5 4. e3 Ne7 5. b3 Nbc6 6. Bb2 f6 7. a3 a5 8. Nbd2 0-0 9. Ne4 Ba7 10. Nd6 Bc5 11. Qd2 Bxd6 12. Qxd6 Nf5 13. Qf4 d5 14. 0-0-0 a4 15. h4 Qe7 16. b4 e5 17. Qh2 Be6 18. g4 Nd6 19. g5 Kh8 20. Be2 Ne4 21. gxf6 gxf6 22. Rdg1 Nxb4 23. Ng5 Na2+ 24. Kb1 Nac3+ 25. Ka1 Nxe2 26. Bxe5 Qxa3+ 0-1

[Event "Klatovy op-B"]
[Site "Klatovy"]
[Date "2001.??.??"]
[Round "?"]
[White "Soukal, Roman"]
[Black "Nemec, Jan"]
[Result "1/2-1/2"]
[WhiteElo "1660"]
[BlackElo "1815"]
[PlyCount "62"]
[EventDate "2001.07.??"]
[EventType "swiss"]
[EventRounds "9"]
[EventCountry "CZE"]
[SourceTitle "EXT 2006"]
[Source "ChessBase"]
[SourceDate "2005.11.24"]
[SourceVersion "1"]
[SourceVersionDate "2005.11.24"]
[SourceQuality "1"]

1. d4 d5 2. c4 e6 3. Nc3 Nf6 4. Bg5 Nbd7 5. e3 c6 6. Nf3 Qa5 7. Nd2 dxc4 8. Bxf6 Nxf6 9. Bxc4 Bb4 10. Qc2 Nd5 11. Nb3 Bxc3+ 12. Ke2 Qb4 13. Bxd5 exd5 14. Qxc3 Qd6 15. Nc5 0-0 16. h3 b6 17. Nd3 Ba6 18. Kd2 Bxd3 19. Qxd3 c5 20. Rac1 c4 21. Qc2 b5 22. a3 Rfe8 23. b4 Qf6 24. Kc3 a6 25. Rhf1 Re7 26. a4 a5 27. bxa5 Rxa5 28. axb5 Rxb5 29. Rb1 Reb7 30. Rxb5 Rxb5 31. Rb1 Qb6 1/2-1/2